000 00632nam a2200169 a 4500
001 000046371
005 20201002052825.0
008 150805s1983 pr 000 0 spa d
040 _aDO-SdBNP
_bspa
_cBNPHU
082 _axxxx
_bxxxx
100 1 _aPiñeiro de Rivera, Flor,
_d1922-
_974396
245 1 0 _aLiteratura infantil caribeña :
_bPuerto Rico, República Dominicana y Cuba /
_cFlor Piñeiro de Rivera, Isabel Freire de Matos.
260 _aHato Rey, Puerto Rico :
_bBoriken Libros,
_c1983.
300 _a123 p. ;
_c21 cm.
500 _aIncluye datos biográficos de las autoras
700 1 2 _aFreire de Matos, Isabel,
_d1915-
_974397
999 _c45860
_d45860